[Event "Chigorin Memorial 24th"]
[Site "St Petersburg"]
[Date "2016.10.18"]
[Round "4"]
[White "Makeev, Konstantin"]
[Black "Pilchin, Uri"]
[Result "0-1"]
[WhiteElo "1525"]
[BlackElo "1839"]
[PlyCount "108"]
[EventDate "2016.10.15"]
[EventType "swiss"]
[EventRounds "9"]
[EventCountry "RUS"]
[SourceTitle "CBM 175 Extra"]
[Source "ChessBase"]
[SourceDate "2016.12.12"]
[SourceVersion "1"]
[SourceVersionDate "2016.12.12"]
[SourceQuality "1"]

1. e4 c5 2. Nc3 d6 3. g3 g6 4. Bg2 Bg7 5. f4 Nc6 6. Nf3 Nf6 7. d3 Bd7 8. h3 a6 9. 0-0 Qc8 10. Kh2 h5 11. Nh4 Qc7 12. f5 gxf5 13. exf5 0-0-0 14. Ne4 Nxe4 15. dxe4 Rdg8 16. c3 Bf6 17. Bf4 Ne5 18. Nf3 Nc6 19. Rc1 Rg7 20. h4 Ne5 21. Bxe5 dxe5 22. Bh3 Bc6 23. Qc2 Rhg8 24. Rg1 b5 25. Qe2 Qb7 26. Nd2 Rh8 27. Rce1 Rgg8 28. Qe3 c4 29. b3 cxb3 30. axb3 Rd8 31. Nf3 Kb8 32. Bg2 Rd6 33. Ng5 Bxg5 34. Qxg5 Rhd8 35. Qxh5 Rd2 36. Re2 Bxe4 37. Kh3 Rxe2 38. Qxe2 Bxg2+ 39. Rxg2 Qd5 40. Qe3 Kb7 41. b4 f6 42. Re2 Qd3 43. g4 Kc6 44. Kg3 Rd5 45. Kf2 Qc4 46. Kf1 Qxg4 47. Qe4 Qxe4 48. Rxe4 Rd3 49. Kg2 Kd5 50. Rg4 Rxc3 51. h5 Rc8 52. h6 Rh8 53. Rh4 e4 54. Kf2 Ke5 0-1